Темнокожие - Армагеддон - Statistics

General Stats
  • This quiz has been taken 51 times
  • The average score is 4 of 25
Answers on the Grid
Answers color-coded by a green-red scale on the quiz's grid according to % correct below.
Ральф Эллисон
Майк Тайсон
Бо Диддли
Сет Роген
Норберт Винер
Леонард Нимой
Уилл Смит
Джеймс Браун
Омар Эппс
Шон Эстин
Кит Дэвид
Опра Уинфри
Скотт Джоплин
Майк Даймонд
Тимоти Шаламе
Харлан Эллисон
Дэйв Шапел
Нил Деграс Тайсон
Боб Марли
Даймбэг Даррелл
Майкл Джексон
Элла Фицджеральд
Мэттью Бродерик
Спайк Ли
Кирк Дуглас
Марлон Брандо
Терри Крюс
Дженис Джоплин
Тупак Шакур
Клинт Иствуд
Хэнк Уильямс
Кристофер Рив
Тони Моррисон
Эван Холифилд
Клифф Бёртон
Фрэнсис МакДорманд
Эдди Мёрфи
Крис Рок
Майк Джадж
Эд Вуд
Сэмюэль Л. Джексон
Лора Дерн
Нора Джемисин
Иэн Кёртис
Спайк Джонз
Марлон Уэйанс
Руди Рюкер
Барак Обама
Майкл Джордан
Дилан Томас
 
Answer Stats
Answer % Correct
Уилл Смит
73%
Майк Тайсон
70%
Джеймс Браун
24%
Барак Обама
24%
Майкл Джордан
24%
Опра Уинфри
21%
Тупак Шакур
21%
Бо Диддли
18%
Крис Рок
18%
Сэмюэль Л. Джексон
18%
Майкл Джексон
15%
Омар Эппс
12%
Эдди Мёрфи
12%
Нил Деграс Тайсон
9%
Кит Дэвид
6%
Элла Фицджеральд
6%
Спайк Ли
6%
Скотт Джоплин
3%
Дэйв Шапел
3%
Эван Холифилд
3%
Ральф Эллисон
0%
Терри Крюс
0%
Тони Моррисон
0%
Нора Джемисин
0%
Марлон Уэйанс
0%
No matching quizzes found
Score Distribution
Percent of People with Each Score
Percentile by Number Answered
Your Score History
You have not taken this quiz